Biblioteca

La nueva presencia evangélica indígena (Registro nro. 51485)

Detalles MARC
000 -LÍDER
Campo fijo de descripción fija 00989aab a2200193 i 4500
001 - NÚMERO DE CONTROL
Campo de control 768714001
003 - IDENTIFICADOR DEL NÚMERO DE CONTROL
Campo de control CO-MdFUSB
005 - FECHA Y HORA DE LA ULTIMA TRANSACCIÓN
control field 20240422110057.0
008 - ELEMENTOS DE LONGITUD FIJA -- INFORMACIÓN GENERAL
Campo fijo de descripción fija -- Información general 240410t1984 ag ||||| |||| 00| 0 spa d
040 ## - FUENTE DE CATALOGACIÓN
Idioma de catalogación spa
Agencia que realiza la transcripción CO-MdFUSB
041 ## - CÓDIGO DE IDIOMA
Código de idioma para texto/pista de sonido o título separado spa
100 1# - ASIENTO PRINCIPAL--NOMBRE PERSONAL
Nombre personal Paredes, Rubén
Término relacionador autor
245 #3 - TÍTULO
Título La nueva presencia evangélica indígena
Mención de responsabilidad / Rubén Paredes
300 ## - DESCRIPCIÓN FÍSICA
Extensión Volumen 3, número 3 (septiembre, 1984), páginas: 96 - 101
Dimensiones ; 27 cm
520 ## - NOTA DE RESUMEN, ETC.
Nota de sumario, etc. La nueva presencia indígena evangélica en el continente es reflejo de la reconceptualización de su origen sociocultural. Este artículo se concentra en el pueblo quichua, el cual veía la práctica de la evangelización como una expropiación de su cultura y fe, que se negaban a abandonar para sobrevivir en una sociedad que los explotaba y marginaba.
650 #7 - ASIENTO SECUNDARIO DE MATERIA - TERMINO TEMÁTICO
Término temático o nombre geográfico como elemento de entrada Religión y cultura
9 (RLIN) 388
773 0# - ASIENTO DE ITEM FUENTE
Título Iglesia y Misión
Biblionumber 49402
Itemnumber 59687
Parte(s) relacionada(s) / Volumen., número. (mes año), páginas Volumen 3, número 3 (septiembre, 1984), páginas: 96 - 101
Enumeración y primera página página: 96
942 ## - TIPO DE MATERIAL (KOHA)
Tipo de Item KOHA Artículos de Revista

No hay ítems disponibles.

Biblioteca FUSBC | Teléfono: (57+4) 349 88 10 Ext. 141| WhatsApp (+57) 3005338115 
E-mail: biblioteca@unisbc.edu.co | Calle 76 87-14 Robledo Palenque, Medellín, Colombia

Con tecnología Koha